| 000 | 00692cab a2200181 4500 | ||
|---|---|---|---|
| 001 | L130452 | ||
| 008 | 050729n2005 000 0 eng u | ||
| 035 | _a(Sirsi) u130452 | ||
| 041 | _aeng | ||
| 100 | _aSmith, Duncan | ||
| 245 | _aCurtain walling | ||
| 260 | _c2005 | ||
| 490 |
_aBuilding _v270(8391) 22 July 2005, 61-65(5) |
||
| 520 | _aExamines the specialist market of curtain walling. Includes a market overview, commentary on tender prices, a question and answer, design considerations, procurement, hot topics, costs and an industry profile. | ||
| 590 | _aIKA020805 | ||
| 690 | _aBUILT ENVIRONMENT-BUILDING ELEMENTS-COMPLETE BUILDING ELEMENTS-WALLS-EXTERNAL WALLS | ||
| 942 | _n0 | ||
| 999 |
_c75627 _d75627 |
||